000 00725nam a2200205Ia 4500
003 GCL
008 140319s9999 xx 000 0 ara d
040 _aGCL /
_cGCL
082 0 4 _aق
_b932
_bج ح
100 1 _aمحمود ماهر طه
245 1 0 _aالحياة ايام الفراعنة: مشاهد من الحياة فى مصر القديمة /
_cمحمود ماهر طه
700 1 _aجيمينز، ت . ج
700 1 _aاحمد زهير امين
300 _a243 ص
490 _aالهيئة العامة للاستعلامات
_v0
650 0 4 _aالحضارة الفرعونية
650 0 4 _aمصر - الاحوال الاجتماعية
650 0 4 _aمصر القديمة - تاريخ
942 _2ddc
_cBK
999 _c50017
_d50017